000 00455nam a2200181Ia 4500
001 9391
005 20260306161715.0
008 260306t2007||||xx |||||||||||||| ||spa||
041 _aESP
082 _a378.199
_bM19
100 _aMalagón Plata, Luis Alberto
_eAUT
245 0 _aCurrículo y pertenencia en la educación superior
260 _c2007
300 _a175 páginas :
_c24 cm.
650 _aGEN
654 _aCED
942 _cLIB
_dJUS
_fJUS
_2ddc
_n
999 _c9391
_d9391